| 000 | 01082nam a2200313Ia 4500 | ||
|---|---|---|---|
| 001 | Para_9377 | ||
| 003 | CHAP | ||
| 008 | 220125s2007 xx 000 0 und d | ||
| 010 | _a208074 | ||
| 040 | _cCHAP | ||
| 090 | _aTESIS 2119 | ||
| 100 |
_aVillanueva Sánchez, Evert _9119519 |
||
| 245 |
_aBiología y respuesta funcional y numérica del depredador Chilocorus spp. (Coleoptera : _b Coccinellidae) asociado al cultivo del nopal verdura en Milpa Alta, México, D.F. / _c por Evert Villanueva Sánchez |
||
| 260 |
_aChapingo, Méx. : _b el autor |
||
| 300 | _a106 h. | ||
| 502 | _aTesis (M.C. Protección Vegetal) UACh. Departamento Parasitología Agrícola | ||
| 650 |
_aAnimales depredadores _95887 |
||
| 650 |
_aChilocorus _922536 |
||
| 650 |
_aColeopteros _925123 |
||
| 650 |
_aNopal _x plagas _981689 |
||
| 710 |
_aUACh. Departamento Parasitología Agrícola _9164025 |
||
| 901 | _aTESIS 2119 | ||
| 902 | _aM | ||
| 905 | _a0000002007 amn 0000000000 00 | ||
| 910 | _a2007 | ||
| 942 | _cPARA | ||
| 942 |
_cPARA _d2 |
||
| 999 |
_c208074 _d208074 |
||